| 000 | 00430pam a2200145 a 4500 | ||
|---|---|---|---|
| 020 |
_a9789749823989 _c |
||
| 041 | _aeng | ||
| 082 |
_a615.191 _bGAL |
||
| 100 | _aGalt, Kimberly. | ||
| 245 |
_aDeveloping Clinical Practice Skills for Pharmaceists _hTextual Documents |
||
| 260 |
_aNoida _bAmerican Society of Health System Pharmacists _c2007 |
||
| 300 | _a278. | ||
| 653 | _aPharmaceutics(Manufacture & Preparation) | ||
| 930 | _a2438 | ||
| 999 |
_c75720 _d75720 |
||